000
00472nam a2200145Ia 4500
008
151213s9999 xx 000 0 und d
100
_a
আহমদ রফিক।
245
_a
বুদ্ধজীবির সংস্কৃতি।
_c
আহমদ রফিক।
260
_a
ঢাকা
_b
মুক্ত ধারা।
_c
1986
300
_a
8482 p.
650
_a
Bangla
650
_a
Bengali Literature
700
_a
আহমদ রফিক।
999
_c
4319
_d
4319